Impacto geopolítico del cambio climático en las metas de sostenibilidad ambiental de la estretegia nacional de desarrollo 2030 : (Registro nro. 8629)

Detalles MARC
000 -CABECERA
campo de control de longitud fija 02127nam a22002777a 4500
003 - IDENTIFICADOR DEL NÚMERO DE CONTROL
campo de control DO-SdBJH
005 - FECHA Y HORA DE LA ÚLTIMA TRANSACCIÓN
campo de control 20260331211919.0
008 - DATOS DE LONGITUD FIJA--INFORMACIÓN GENERAL
campo de control de longitud fija 260331b2025 |||||||| |||| 00| 0 spa d
040 ## - FUENTE DE LA CATALOGACIÓN
Centro catalogador/agencia de origen DO-SdBJH
Lengua de catalogación spa
Centro/agencia transcriptor DO-SdBJH
041 0# - CÓDIGO DE LENGUA
Código de lengua del texto/banda sonora o título independiente spa
090 ## - LOCALMENTE ASIGNADO TIPO-LC NÚMERO DE CLASIFICACIÓN (OCLC); NÚMERO DE CLASIFICACIÓN LOCAL (RLIN)
Número de clasificación (OCLC) (R) ; Numero de clasificación, CALL (RLIN) (NR) CT E-GEO 0001
Número cutter local (OCLC) ; Número de libro/Signatura topográfica íntegra, CALL (RLIN) EGAEE 2025
100 1# - ENTRADA PRINCIPAL--NOMBRE DE PERSONA
Nombre de persona Beato Hernández, Virgilio José
Término indicativo de función/relación sustentante
245 10 - MENCIÓN DE TÍTULO
Título Impacto geopolítico del cambio climático en las metas de sostenibilidad ambiental de la estretegia nacional de desarrollo 2030 :
Resto del título período 2018-2024 /
Mención de responsabilidad, etc. Virgilio José Beato Hernández, Yeudy G. Maldonado Báez ; asesor metodológico Kelvin Leandro Encarnación González ; asesor de contenido Rocío Cristy Santana González.
260 ## - PUBLICACIÓN, DISTRIBUCIÓN, ETC.
Lugar de publicación, distribución, etc. Santo Domingo, República Dominicana :
Nombre del editor, distribuidor, etc. UNADE,
Fecha de publicación, distribución, etc. 2025.
300 ## - DESCRIPCIÓN FÍSICA
Extensión xiv, 43, [33] páginas.
502 ## - NOTA DE TESIS
Nota de tesis Tesis y trabajos de grado (Especialidad en Geopolítica)--Universidad Nacional para la Defensa "General Juan Pablo Duarte y Díez", Escuela de Graduados de Altos Estudios Estratégicos, Santo Domingo, 2025.
504 ## - NOTA DE BIBLIOGRAFÍA, ETC.
Nota de bibliografía, etc. Incluye referencias bibliográficas, apéndices y anexos.
505 ## - NOTA DE CONTENIDO CON FORMATO
Nota de contenido con formato Marco legal de la Estrategia Nacional de Desarrollo 2030 -- Principales efectos del cambio climático ocurridos en República Dominicana entre 2018-2024 y su relación con la sostenibilidad ambiental -- Factores geopolíticos que han influido en los resultados de las políticas ambientales implementadas para alcanzar las metas de la estrategia nacional de desarrollo 2030 en el período 2018-2024.
650 #7 - PUNTO DE ACCESO ADICIONAL DE MATERIA--TÉRMINO DE MATERIA
Fuente del encabezamiento o término lemb
Término de materia o nombre geográfico como elemento de entrada Desarrollo sostenible
Subdivisión de forma Tesis y disertaciones
Subdivisión general Política pública
-- Marco legal
Subdivisión cronológica 2018-2024
Subdivisión geográfica República Dominicana
650 #7 - PUNTO DE ACCESO ADICIONAL DE MATERIA--TÉRMINO DE MATERIA
Fuente del encabezamiento o término lemb
Término de materia o nombre geográfico como elemento de entrada Cambio climático
Subdivisión de forma Tesis y disertaciones
Subdivisión general Impacto ambiental
-- Sostenibilidad
Subdivisión cronológica 2018-2024
Subdivisión geográfica República Dominicana
650 #7 - PUNTO DE ACCESO ADICIONAL DE MATERIA--TÉRMINO DE MATERIA
Fuente del encabezamiento o término lemb
Término de materia o nombre geográfico como elemento de entrada Geopolítica
Subdivisión de forma Tesis y disertaciones
Subdivisión general Política ambiental
-- Planificación estratégica
Subdivisión cronológica 2018-2024
Subdivisión geográfica República Dominicana
700 1# - PUNTO DE ACCESO ADICIONAL--NOMBRE DE PERSONA
Nombre de persona Maldonado Báez, Yeudy G.
Término indicativo de función/relación sustentante
700 1# - PUNTO DE ACCESO ADICIONAL--NOMBRE DE PERSONA
Nombre de persona Encarnación González, Kelvin Leandro
Término indicativo de función/relación asesor metodológico
700 1# - PUNTO DE ACCESO ADICIONAL--NOMBRE DE PERSONA
Nombre de persona Santana González, Rocío Cristy
Término indicativo de función/relación asesor de contenido
942 ## - ELEMENTOS DE PUNTO DE ACCESO ADICIONAL (KOHA)
Fuente del sistema de clasificación o colocación Clasificación Local
Tipo de ítem Koha Tesis
Existencias
Estado de retiro Estado de pérdida Fuente del sistema de clasificación o colocación Estado dañado No para préstamo Código de colección Localización permanente Ubicación/localización actual Ubicación en estantería Fecha de adquisición Número de inventario Total de préstamos Signatura topográfica completa Código de barras Fecha visto por última vez Número de copia Precio válido a partir de Tipo de ítem Koha
    Clasificación Local     Trabajos de Grado e Investigción SIBM UNADE - Biblioteca Sede Central SIBM UNADE - Biblioteca Sede Central En estantería 03/31/2026 25-02532   CT E-GEO 0001 EGAEE 2025 25-02532 03/31/2026 1 03/31/2026 Tesis
© Copyright 2016. Universidad Nacional para la Defensa.Todos los derechos reservados.

 

Designed & Maintained by: https://www.sibdweb.com.do
Sistema de Información & Bibliotecas (SIBD). Contact: pbrito2005@gmail.com